I-terms and conditions (Record no. 71052)
[ view plain ]
| 000 -LEADER | |
|---|---|
| fixed length control field | 01070cam a2200229 4500 |
| 001 - CONTROL NUMBER | |
| control field | ABS65813 |
| 008 - FIXED-LENGTH DATA ELEMENTS--GENERAL INFORMATION | |
| fixed length control field | 020902n2002 000 0 eng u |
| 035 ## - SYSTEM CONTROL NUMBER | |
| System control number | (Sirsi) u119522 |
| 100 ## - MAIN ENTRY--PERSONAL NAME | |
| Personal name | Cottingham, R. |
| 245 ## - TITLE STATEMENT | |
| Title | I-terms and conditions |
| 260 ## - PUBLICATION, DISTRIBUTION, ETC. | |
| Date of publication, distribution, etc. | 2002 |
| 490 ## - SERIES STATEMENT | |
| Series statement | Estates Gazette |
| Volume/sequential designation | (232) 3 August 2002, 88-89(2) |
| 520 ## - SUMMARY, ETC. | |
| Summary, etc. | Details a range of issues to be discussed in relation to data centres that are of direct relevance to the property industry. Notes that centres often do not fall into any particular set category such as Class B1, but require they do express planning permission for specific use. There are a number of data centre lease issues to judge including fixtures and fittings, repair and insurance. For example, the ownership of the newly installed plant and equipment has to be considered. |
| 590 ## - LOCAL NOTE (RLIN) | |
| Local note | ABS |
| 650 ## - SUBJECT ADDED ENTRY--TOPICAL TERM | |
| Topical term or geographic name entry element | DATA CENTRES |
| 650 ## - SUBJECT ADDED ENTRY--TOPICAL TERM | |
| Topical term or geographic name entry element | CLASS B1 |
| 650 ## - SUBJECT ADDED ENTRY--TOPICAL TERM | |
| Topical term or geographic name entry element | LEASES |
| 650 ## - SUBJECT ADDED ENTRY--TOPICAL TERM | |
| Topical term or geographic name entry element | Insurance |
| 9 (RLIN) | 6249 |
| 650 ## - SUBJECT ADDED ENTRY--TOPICAL TERM | |
| Topical term or geographic name entry element | FIXTURES AND FITTINGS |
| 690 ## - LOCAL SUBJECT ADDED ENTRY--TOPICAL TERM (OCLC, RLIN) | |
| Topical term or geographic name as entry element | PROPERTY-COMMERCIAL PROPERTY-COMMERCIAL PROPERTY MARKET |
| 942 ## - ADDED ENTRY ELEMENTS (KOHA) | |
| Suppress in OPAC | 0 |
| Withdrawn status | Lost status | Source of classification or shelving scheme | Damaged status | Not for loan | Home library | Current library | Shelving location | Date acquired | Total Checkouts | Full call number | Barcode | Date last seen | Copy number | Price effective from | Koha item type |
|---|---|---|---|---|---|---|---|---|---|---|---|---|---|---|---|
| Dewey Decimal Classification | London | London | Journal article | 02/09/2002 | ABS65813 | 119522-1001 | 06/08/2019 | 1 | 06/08/2019 | Journal article |